000 00693nam a2200229Ii 4500
003 JO-AjNU
008 230605s9999||||xx |||||||||||||| ||und||
017 _a78/3458
020 _a977-7001-51-7
040 _aJO-AjNU
_bara
_erda
_cJO-AjNU
041 _aara
050 1 4 _aLB1025.A226 1978
100 3 _aعبد الرحيم،عبد المجيد,
_eauthor
_98392
245 0 0 _aمبادئ التربية وطرق التدريس
250 _aط3
264 3 1 _aالقاهرة:مكتبة النهضة المصرية،1978
300 _a268ص
336 _atext
_btxt
_2rdacontent
337 _aunmediated
_bn
_2rdamedia
338 _avolume
_bnc
_2rdacarrier
650 4 _aالتدريس
_98393
999 _aA764
_c4332
_d4332